1090 1993 1991 1490 1987 1691 1728 1353 1527 1742 1046 1662 1830 1816 1431 1754 1938 1215 1215 1983 1164 1197 1372 1002 1388 1352 1868 1418 1906 1745 1294 1858 1244 1159 1780 1662 1816 1837 1410 1086 1583 1232 1453 1146 1885 1695 1389 1410 1626 1094 1711 1349 1615 1714 1023 1823 1238 1056 1705 1049 1093 1768 1296 1117 1748 1326 1968 1986 1861 1607 1499 1490 1483 1429 1749 1777 1222 1326 1723 1439 1655 1929 1441 1205 1613 1185 1241 1850 1222 1913 1757 1814 1234 1497 1583 1427 1703 1861 1269 BCNSPRNW ULIB Ver.6.0+V

เปลี่ยนเป็นภาษาไทย

Change to English
 แสดงรายละเอียดบรรณานุกรม
  กลับหน้าหลัก

Brief Record : Get Marc (ISO 2709) : E-mail record : QR code < ปิดหน้าต่าง
LEADER : 00000nam 2200000uu 4500
001    13399113937
003     ULIB
008    110320s||||||||th 000 0 tha d
099    วจ.WM172^bพ722ค
100 0  พิมพิมล วงศ์ไชยา
245 00 ความวิตกกังวลและควา่มรู้สึกเป็นส่วนหนึ่งในคลีนิคของนักศึกษาพยาบาลศาสตร์ขณะฝึกปฏิบัติวิชาสุขภาพจิตและการพยาบาลจิตเวช/^cพิมพิมล วงศ์ไชยา,ชุลีพร ภูโสภา,คอย ละอองอ่อน,นันทิกา อนันต์ชัยพัทธนา และ Chao Ming-Ling
260    พะเยา :^bวิทยาลัยพยาบาลบรมราชชนนี พะเยา,^c2553
300    44 หน้า :^bตาราง
500    รายงานการวิจัย
650  7 ความวิตกกังวล^xนักศึกษาพยาบาล^xวิจัย
700 0  ชุลีพร ภูโสภา
700 0  คอย ละอองอ่อน
700 0  นันทิกา อนันต์ชัยพัทธนา
700 1  Chao Ming-Ling
710 2  วิทยาลัยพยาบาลบรมราชชนนี. ^bพะเยา
945    ^p0^l0^i030968
995    ทศพร
999 ^a ใช้งานได้ทุกระบบ
รายการนี้ยังไม่มีแท็ก
คุณยังไม่ได้ล็อกอิน คุณสามารถมีกิจกรรมร่วมกับเว็บไซต์ได้ แต่ต้องล็อกอินก่อน ::
  ล็อกอิน

รายการสื่อสารสนเทศ

ลำดับที่ ประเภท เลขเรียก/บาร์โค้ด สถานที่ สถานะ
1. งานวิจัย
งานวิจัย
วจ.WM172 พ722ค ฉ.1 
  Barcode: 030968
ห้องสมุดวิทยาเขตสวรรค์ประชารักษ์
►วิจัย
บนชั้น

รายการใกล้เคียง
    ผู้แต่ง [พิมพิมล วงศ์ไชยา]

BibComment


ยังไม่เคยถูกคอมเมนท์

คอมเมนท์ทรัพยากรรายการนี้
  คอมเมนท์: ความวิตกกังวลและค..


 Copyright 2026. Bcnsprnw @Library